Statistiken für F1 Drivers 2021

Klicken Sie hier um das Quiz zu spielen!

Allgemein

  • Dieses Quiz wurde 114 mal gespielt
  • Das Durchschnittsergebnis liegt bei 17 aus 20

Antwortstatistiken

TeamDriver% Korrekt
MercedesLewis Hamilton
99%
MercedesValtteri Bottas
97%
RedBullMax Verstappen
96%
HaasMick Schumacher
96%
AstonMartinSebastian Vettel
96%
RedBullSergio Pérez
91%
FerrariCarlos Sainz
90%
FerrariCharles Leclerc
90%
McLarenLando Norris
89%
AlpineFernando Alonso
88%
AlpineEsteban Ocon
86%
HaasNikita Mazepin
85%
AlphaTauriPierre Gasly
84%
AstonMartinLance Stroll
83%
AlphaTauriYuki Tsunoda
82%
WilliamsGeorge Russell
81%
McLarenDaniel Ricciardo
80%
WilliamsNicholas Latifi
77%
Alfa RomeoKimi Räikkönen
74%
Alfa RomeoAntonio Giovinazzi
70%

Verteilung der Resultate

Perzentil nach korrekt beantworteten Fragen

Anzahl Personen mit jedem Resultat

Ihre Resultats-Entwicklung

Sie haben dieses Quiz noch nicht gespielt